00373pab a2200133 454500008004000000100002100040245003300061260000900094300001500103362001100118650004800129650002800177773003400205180718b2001 xxu||||| |||| 00| 0 eng d aNavlakha, Gautam aKashmir: the moment of truth c2001 ap.3662-664 a29 Sep aJammu and Kashmir - Politics and government aPolitics and government aEconomic and Political Weekly